Cento e cento e cento e cento pagine del libro segreto di Gabriele D'Annunzio / (Record no. 51737)

MARC details
000 -LEADER
campo de control de longitud fija 00584nam a2200181 i 4500
001 - NÚMERO DE CONTROL
campo de control 51737
003 - IDENTIFICADOR DE NÚMERO DE CONTROL
campo de control ES-MaACL
005 - FECHA Y HORA DE LA ÚLTIMA TRANSACCIÓN
campo de control 20240510063040.0
007 - CAMPO FIJO DE DESCRIPCIÓN FÍSICA--INFORMACIÓN GENERAL
campo de control de longitud fija t|
008 - DATOS DE LONGITUD FIJA--INFORMACIÓN GENERAL
campo de control de longitud fija 030818s1935 it ||||1| ita d
100 1# - ENTRADA PRINCIPAL--NOMBRE DE PERSONA
Nombre de persona D'Annunzio, Gabriele,
Fechas asociadas al nombre 1863-1938
9 (RLIN) 42351
245 10 - MENCIÓN DEL TÍTULO
Título Cento e cento e cento e cento pagine del libro segreto di Gabriele D'Annunzio /
Mención de responsabilidad, etc. Angelo Cocles.
260 ## - PUBLICACIÓN, DISTRIBUCIÓN, ETC.
Lugar de publicación, distribución, etc. Verona :
Nombre del editor, distribuidor, etc. [s.n.],
Fecha de publicación, distribución, etc. 1935 (
Fabricante Stamperia di Arnoldo Mondadori)
300 ## - DESCRIPCIÓN FÍSICA
Extensión 446 p. ;
Dimensiones 21 cm.
700 1# - ENTRADA AGREGADA--NOMBRE PERSONAL
Nombre de persona Cocles, Angelo.
9 (RLIN) 39406
852 ## - LOCALIZACIÓN
Ubicación ES-MaACL
Número de control de estantería A-4324
Holdings
Estatus retirado Estado de pérdida Estado de daño No para préstamo Biblioteca de origen Biblioteca actual Ubicación en estantería Fecha de adquisición Fuente de adquisición Total de préstamos Signatura topográfica completa Código de barras Visto por última vez Precio de reemplazo Tipo de ítem Koha
        Biblioteca del Ateneo de Madrid Biblioteca del Ateneo de Madrid Sala Pecera Planta 1 17/01/2008     A-4324 1054405 23/02/2023 23/02/2023 Libro impreso